Counties (Županije) of Croatia - Statistics

General Stats
  • This quiz has been taken 1,123 times
  • The average score is 14 of 20
Answer Stats
Hint Answer % Correct
Z Zagreb
95%
DN Dubrovnik - Neretva
83%
SD Split - Dalmatia
81%
BB Bjelovar - Bilogora
74%
VS Vukovar - Syrmia
73%
K Karlovac
72%
OB Osijek - Baranja
72%
Z Zadar
72%
BP Brod - Posavina
70%
LS Lika - Senj
69%
I Istria
67%
V Varazdin
67%
SK Sibenik - Knin
65%
PS Pozega - Slavonia
64%
SM Sisak - Moslavina
62%
VP Virovitica - Podravina
60%
KK Koprivnica - Krizevci
59%
KZ Krapina - Zagorje
56%
M Medimurje
54%
PGK Primorje - Gorski Kotar
48%
No matching quizzes found
Score Distribution
Percent of People with Each Score
Percentile by Number Answered
Your Score History
You have not taken this quiz